Digital Signal Processing (Record no. 7860)

MARC details
000 -LEADER
fixed length control field 00401nam a2200169Ia 4500
008 - FIXED-LENGTH DATA ELEMENTS--GENERAL INFORMATION
fixed length control field 230524s9999 xx 000 0 und d
020 ## - INTERNATIONAL STANDARD BOOK NUMBER
ISBN 9812406204
082 ## - DEWEY DECIMAL CLASSIFICATION NUMBER
Classification number 621.3821
Item number HHI
100 ## - MAIN ENTRY--AUTHOR NAME
Personal name Steve White
245 #0 - TITLE STATEMENT
Title Digital Signal Processing
250 ## - EDITION STATEMENT
Edition statement 1ST
260 ## - PUBLICATION, DISTRIBUTION, ETC. (IMPRINT)
Place of publication NEW DELHI
Name of publisher Vikas
Year of publication 2002
300 ## - PHYSICAL DESCRIPTION
Number of Pages 234
500 ## - GENERAL NOTE
General note Quantity Number: 1
650 ## - SUBJECT ADDED ENTRY--TOPICAL TERM
Topical Term Electronics
942 ## - ADDED ENTRY ELEMENTS (KOHA)
Koha item type Books
Holdings
Lost status Damaged status Permanent Location Current Location Shelving location Date acquired Full call number Accession Number Koha item type
    Central Library, Trident Academy of Technology Central Library, Trident Academy of Technology General Stacks 05/24/2023 621.3821 HHI 6262 Books
Trident Academy of Technology © 2023.
All rights reserved.                                                                                                                                                                                                        Designed by Team of Central Library .

Powered by Koha